000 00444cam a2200181ua 4500
001 3692
005 20260515113721.0
008 111205n ii |||gr||||Z||||||eng
040 _cMAIN
082 _a320.54
245 1 1 _aGandhi`s india unity in diversity
_cby
250 _a1st.
260 _aNew Delhi:
_bNational book trust,968.
300 _a84p:
_c23cm.
653 _aEnglish
653 _aGandhi`s india unity in diversity
942 _cBK
999 _c3519
_d3519